000 00861nam a2200217 a 4500
001 000047929
005 20201002060819.0
008 180410s2014 dr a r 000 0 spa d
020 _a9789945118988
040 _aDO-SdBNP
_bspa
_cBNPHU
245 0 0 _aCiencias naturales 3 :
_beducación primaria /
_ctexto Ángela Segura de Óleo... [et. al] ; Ilustración Ruddy Núñez.
260 _aSanto Domingo :
_bSantillana,
_c2014.
300 _av. :
_bil. ;
_c28 cm.
490 1 _aProyecto todos juntos
505 0 _gv. 1.
_tLibro texto --
_gv. 2.
_tGuía didáctica recursos para el profesor --
_gv. 3.
_tCuaderno fichas de actividades.
590 _aInventariado, 2018/VM
700 1 _aSegura de Óleo, Ángela
_974879
700 1 2 _aNúñez, Ruddy
_eil.
_923171
710 2 _aEditorial Santillana (República Dominicana)
_974902
830 0 _aProyecto todos juntos
_930856
999 _c47417
_d47417